Basic inorganic chemistry / (Record no. 55592)
[ view plain ]
| 000 -LEADER | |
|---|---|
| fixed length control field | 00907nam a2200277 a 4500 |
| 001 - CONTROL NUMBER | |
| control field | 55592 |
| 003 - CONTROL NUMBER IDENTIFIER | |
| rucl marc code | BD-RjUL |
| 005 - DATE AND TIME OF LATEST TRANSACTION | |
| control field | 20250504124613.0 |
| 008 - FIXED-LENGTH DATA ELEMENTS--GENERAL INFORMATION | |
| fixed length control field | 160604r19871976ii a b 001 0 eng |
| 020 ## - INTERNATIONAL STANDARD BOOK NUMBER | |
| International Standard Book Number | 085226142X |
| 035 ## - SYSTEM CONTROL NUMBER | |
| System control number | (BD-RjUL)55715 |
| 040 ## - CATALOGING SOURCE | |
| Original cataloging agency | DLC |
| Transcribing agency | BD-RjUL |
| Modifying agency | BD-RjUL |
| -- | BD-RjUL |
| Language of cataloging | eng |
| 041 ## - LANGUAGE CODE | |
| Language code of text/sound track or separate title | eng |
| 082 00 - DEWEY DECIMAL CLASSIFICATION NUMBER | |
| Classification number | 546 |
| Edition number | 20 |
| Author mark and year | COB 1978 |
| 100 1# - MAIN ENTRY--PERSONAL NAME | |
| Personal name | Cotton, F. Albert |
| Fuller form of name | (Frank Albert), |
| Dates associated with a name | 1930-2007. |
| 9 (RLIN) | 28143 |
| 245 10 - TITLE STATEMENT | |
| Title | Basic inorganic chemistry / |
| Statement of responsibility, etc. | F. Albert Cotton, Geoffrey Wilkinson, Paul L. Gaus. |
| 250 ## - EDITION STATEMENT | |
| Edition statement | 1st ed. |
| 260 ## - PUBLICATION, DISTRIBUTION, ETC. (IMPRINT) | |
| Place of publication, distribution, etc. | New Delhi : |
| Name of publisher, distributor, etc. | Wiley India (P) , |
| Date of publication, distribution, etc. | 1976 [Reprint 1978,1990]. |
| 300 ## - PHYSICAL DESCRIPTION | |
| Pagination | ix, 579 p. : |
| Illustrations | ill. ; |
| Size | 23 cm. |
| 504 ## - BIBLIOGRAPHY, ETC. NOTE | |
| Bibliography, etc | Includes bibliographical references and index. |
| 650 #0 - SUBJECT ADDED ENTRY--TOPICAL TERM | |
| Topical term or geographic name as entry element | Chemistry, Inorganic. |
| 9 (RLIN) | 31441 |
| 700 1# - ADDED ENTRY--PERSONAL NAME | |
| Personal name | Wilkinson, Geoffrey, |
| Dates associated with a name | 1921-1996. |
| Personal name | Gaus, Paul L. |
| 942 ## - ADDED ENTRY ELEMENTS (KOHA) | |
| Source of classification or shelving scheme | Dewey Decimal Classification |
| Koha item type | Books |
| Lost status | Source of classification or shelving scheme | Damaged status | Not for loan | Collection code | Permanent Location | Current Location | Shelving location | Date acquired | Source of acquisition | Total Checkouts | Full call number | Date last seen | Copy number | Koha item type | Cost, normal purchase price |
|---|---|---|---|---|---|---|---|---|---|---|---|---|---|---|---|
| Dewey Decimal Classification | Non-fiction | Central Library, University of Rajshahi | Central Library, University of Rajshahi | 22/02/1983 | American cul. socity | 546 COB 1978 | 20/11/2016 | C-2 | Books | ||||||
| Dewey Decimal Classification | Non-fiction | Central Library, University of Rajshahi | Central Library, University of Rajshahi | 22/02/1983 | American Cultural Center, Dhaka | 546 COB 1978 | 12/06/2017 | C-2 | Books | ||||||
| Dewey Decimal Classification | Not For Loan | Non-fiction | Central Library, University of Rajshahi | Central Library, University of Rajshahi | Reading Room | 13/11/1996 | Aligarh library, Rajshahi | 546 COB 1990 | 04/05/2025 | C-1 | Books | 60.00 |